Public Broadcasters in Europe - with Map - Statistics

General Stats
  • This quiz has been taken 54 times
  • The average score is 15 of 43
Answers on the Map
Answers color-coded by a green-red scale on the quiz's map according to % correct below.
 
Answer Stats
Country Answer % Correct
United Kingdom BBC
97%
Italy RAI
74%
Norway NRK
56%
Ireland RTÉ
56%
Spain TVE
56%
Switzerland SRG SSR (SRF/RTS/RSI/RTR)
54%
Poland TVP
54%
Portugal RTP
51%
Czech Republic ČT
49%
Germany ZDF
49%
Austria ORF
46%
Sweden SVT
46%
Finland YLE
46%
Denmark DR
44%
Estonia ETV
41%
Croatia HRT
41%
Ukraine Suspilne
38%
Belgium BRF/RTBF/VRT
36%
France France Télévisions
36%
Hungary MTV
36%
Lithuania LRT
33%
Latvia LTV
33%
Slovakia RTVS
33%
Slovenia RTV Slovenija
33%
Iceland RÚV
33%
Belarus Belteleradio
31%
Serbia RTS
31%
Romania TVR
31%
Greece ERT
26%
Netherlands NOS
26%
Kosovo RTK
26%
Malta PBS (TVM)
23%
Montenegro RTCG
23%
Albania RTSH
23%
Bosnia and Herzegovina BHRT (RTVFBiH/RTRS)
15%
Bulgaria BNT
15%
North Macedonia MRT
13%
Andorra RTVA (ATV)
10%
San Marino SMRTV
10%
Moldova TRM
8%
Russia VGTRK
8%
Liechtenstein LRF
5%
Vatican City Vatican Media
3%
No matching quizzes found
Score Distribution
Percent of People with Each Score
Percentile by Number Answered
Your Score History
You have not taken this quiz